[Event "Oberliga Ost-A 1920"]
[Site "Germany"]
[Date "2019.12.07"]
[Round "4.8"]
[White "Altstadt, Karl Simon"]
[Black "Heyne, Jan Hendrik"]
[Result "1/2-1/2"]
[WhiteElo "1993"]
[BlackElo "1842"]
[PlyCount "70"]
[EventDate "2019.09.29"]
[EventType "team-tourn"]
[EventRounds "11"]
[EventCountry "GER"]
[SourceTitle "EXT 2021"]
[Source "ChessBase"]
[SourceDate "2020.10.23"]
[SourceVersion "1"]
[SourceVersionDate "2020.10.23"]
[SourceQuality "1"]
[WhiteTeam "Halle USV"]
[BlackTeam "Magdeburg Aufbau Elbe II"]
[WhiteTeamCountry "GER"]
[BlackTeamCountry "GER"]

1. e4 e5 2. Nf3 Nc6 3. d4 exd4 4. Bc4 Bc5 5. c3 d3 6. Qxd3 d6 7. h3 h6 8. a4 a5 9. Na3 Nf6 10. 0-0 0-0 11. Bf4 Nd7 12. Nb5 Bb6 13. Rad1 Qe7 14. Rfe1 Nde5 15. Nxe5 Nxe5 16. Bxe5 dxe5 17. Qe2 Be6 18. Na3 Qg5 19. Rd3 Bc5 20. Kh1 Qe7 21. Rg3 Qh4 22. Rd1 Rad8 23. Rxd8 Rxd8 24. Bxe6 fxe6 25. Nc4 Qf4 26. Rf3 Qc1+ 27. Kh2 Rd1 28. Ne3 Rh1+ 29. Kg3 Re1 30. Qc4 Bxe3 31. Qxe6+ Kh7 32. Qf5+ Kg8 33. fxe3 Rxe3 34. Qf7+ Kh7 35. Qf5+ Kg8 1/2-1/2

[Event "Oberliga Ost-A 1920"]
[Site "Germany"]
[Date "2019.11.17"]
[Round "3.8"]
[White "Pivtorak, Ilya"]
[Black "Altstadt, Karl Simon"]
[Result "0-1"]
[WhiteElo "1475"]
[BlackElo "1993"]
[PlyCount "106"]
[EventDate "2019.09.29"]
[EventType "team-tourn"]
[EventRounds "11"]
[EventCountry "GER"]
[SourceTitle "EXT 2021"]
[Source "ChessBase"]
[SourceDate "2020.10.23"]
[SourceVersion "1"]
[SourceVersionDate "2020.10.23"]
[SourceQuality "1"]
[WhiteTeam "Plauen Koenig"]
[BlackTeam "Halle USV"]
[WhiteTeamCountry "GER"]
[BlackTeamCountry "GER"]

1. d4 Nf6 2. c4 c5 3. d5 b5 4. cxb5 a6 5. bxa6 g6 6. Nc3 Bg7 7. g3 0-0 8. Bg2 d6 9. Nf3 Nxa6 10. 0-0 Qa5 11. Bd2 Rb8 12. Rb1 Qb6 13. a3 Bf5 14. Ra1 Qxb2 15. Re1 Ne4 16. Nxe4 Qxa1 17. Qa4 Qb2 18. Nxd6 exd6 19. Qxa6 Be4 20. Bg5 Rb6 21. Qc4 Re8 22. Nd2 Bxg2 23. Rb1 Qe5 24. Rxb6 Bxd5 25. Qb5 h6 26. Be3 Ra8 27. Rb8+ Kh7 28. Rxa8 Bxa8 29. a4 Qd5 30. Nf3 Bc6 31. Qd3 Qxd3 32. exd3 Bxf3 33. a5 Bb7 34. Kf1 Bc3 35. Bf4 Bxa5 36. Bxd6 c4 37. dxc4 Ba6 38. Kg2 Bxc4 39. h4 Kg7 40. Be5+ f6 41. Bd4 Kf7 42. Be3 h5 43. Kg1 Ke6 44. Kg2 Kf5 45. Kg1 g5 46. hxg5 fxg5 47. Bc5 Kg4 48. Bd4 Bd2 49. Bc5 h4 50. Kh2 Be1 51. Kg1 hxg3 52. fxg3 Kxg3 53. Kh1 Bf2 0-1

[Event "Sachsen-Anhalt Landesliga-B 1920"]
[Site "Sachsen Anhalt"]
[Date "2019.10.20"]
[Round "2.4"]
[White "Kalliwoda, Enrico"]
[Black "Altstadt, Karl Simon"]
[Result "0-1"]
[WhiteElo "1701"]
[BlackElo "1936"]
[PlyCount "100"]
[EventDate "2019.09.29"]
[EventType "team-tourn"]
[EventRounds "9"]
[EventCountry "GER"]
[SourceTitle "EXT 2023"]
[Source "ChessBase"]
[SourceDate "2022.10.05"]
[SourceVersion "1"]
[SourceVersionDate "2022.10.05"]
[SourceQuality "1"]
[WhiteTeam "Hettstedt"]
[BlackTeam "Halle USV III"]
[WhiteTeamCountry "GER"]
[BlackTeamCountry "GER"]

1. e4 c5 2. b4 cxb4 3. a3 e6 4. Nf3 d5 5. exd5 Qxd5 6. axb4 Bxb4 7. c3 Be7 8. c4 Qd8 9. Nc3 Nf6 10. Be2 0-0 11. 0-0 Nc6 12. d4 Re8 13. Bf4 Bd6 14. Bxd6 Qxd6 15. c5 Qb8 16. Nb5 a6 17. Nd6 Rd8 18. Ne5 Rxd6 19. cxd6 Qxd6 20. Nxc6 Qxc6 21. Bf3 Nd5 22. Qb3 Bd7 23. Rfc1 Qb5 24. Bxd5 Qxd5 25. Qb6 Bc6 26. f3 h5 27. Qc5 Rd8 28. Kf2 Qxd4+ 29. Qxd4 Rxd4 30. Rcb1 Rd2+ 31. Kg3 g5 32. Ra5 f5 33. Rb6 Kf7 34. Rxc6 bxc6 35. Rxa6 Rc2 36. Ra7+ Kf6 37. Rc7 c5 38. h4 f4+ 39. Kh3 gxh4 40. Rc8 Ke5 41. Kxh4 Kd4 42. Rd8+ Ke3 43. Re8 Rxg2 44. Rxe6+ Kxf3 45. Kxh5 Kf2 46. Rc6 f3 47. Rxc5 Kg1 48. Rc1+ Kh2 49. Kh4 Rb2 50. Rc3 Rb4+ 0-1

[Event "GER-chT U20"]
[Site "Duesseldorf"]
[Date "2017.12.29"]
[Round "6.4"]
[White "Nguyen Dang, Huy Duc"]
[Black "Altstadt, Karl Simon"]
[Result "0-1"]
[WhiteElo "1783"]
[BlackElo "2004"]
[PlyCount "50"]
[EventDate "2017.12.27"]
[EventType "team-swiss"]
[EventRounds "7"]
[EventCountry "GER"]
[SourceTitle "CBM 182 Extra"]
[Source "ChessBase"]
[SourceDate "2018.02.23"]
[SourceVersion "1"]
[SourceVersionDate "2018.02.23"]
[SourceQuality "1"]
[WhiteTeam "Plauen Koenig U20"]
[BlackTeam "Halle USV U20"]
[WhiteTeamCountry "GER"]
[BlackTeamCountry "GER"]

1. e4 c5 2. Nf3 d6 3. d4 cxd4 4. Nxd4 Nf6 5. Nc3 g6 6. Be2 Bg7 7. Be3 0-0 8. 0-0 Nc6 9. Kh1 Bd7 10. f4 Rc8 11. Bf3 Na5 12. Bg1 Nc4 13. Qc1 Bg4 14. Nce2 Bxf3 15. gxf3 Qa5 16. c3 Qh5 17. b3 Na5 18. Qe1 Nc6 19. Nxc6 Rxc6 20. Qg3 Nxe4 21. fxe4 Qxe2 22. Rae1 Qxa2 23. Bd4 Qxb3 24. Qg5 Bxd4 25. cxd4 Qh3 0-1

[Event "Oberliga Ost-A 1617"]
[Site "Germany"]
[Date "2017.04.23"]
[Round "9.5"]
[White "Altstadt, Karl Simon"]
[Black "Schuh, Ruediger"]
[Result "1/2-1/2"]
[WhiteElo "2002"]
[BlackElo "2026"]
[PlyCount "27"]
[EventDate "2016.10.16"]
[EventType "team-tourn"]
[EventRounds "11"]
[EventCountry "GER"]
[SourceTitle "EXT 2018"]
[Source "ChessBase"]
[SourceDate "2017.10.13"]
[SourceVersion "1"]
[SourceVersionDate "2017.10.13"]
[SourceQuality "1"]
[WhiteTeam "Halle USV"]
[BlackTeam "Hoyerswerda"]
[WhiteTeamCountry "GER"]
[BlackTeamCountry "GER"]

1. e4 e5 2. Nf3 Nf6 3. Nxe5 d6 4. Nf3 Nxe4 5. c4 d5 6. Nc3 Nf6 7. d4 Be7 8. Bd3 0-0 9. 0-0 Nc6 10. h3 Nb4 11. Be2 dxc4 12. Bxc4 a6 13. a3 Nbd5 14. Re1 1/2-1/2

[Event "Oberliga Ost-A 1617"]
[Site "Germany"]
[Date "2017.02.18"]
[Round "6.4"]
[White "Andre, Gordon"]
[Black "Altstadt, Karl Simon"]
[Result "1/2-1/2"]
[WhiteElo "2235"]
[BlackElo "2002"]
[PlyCount "30"]
[EventDate "2016.10.16"]
[EventType "team-tourn"]
[EventRounds "11"]
[EventCountry "GER"]
[SourceTitle "EXT 2018"]
[Source "ChessBase"]
[SourceDate "2017.10.13"]
[SourceVersion "1"]
[SourceVersionDate "2017.10.13"]
[SourceQuality "1"]
[WhiteTeam "Magdeburg Aufbau Elbe"]
[BlackTeam "Halle USV"]
[WhiteTeamCountry "GER"]
[BlackTeamCountry "GER"]

1. d4 Nf6 2. c4 c5 3. d5 b5 4. g3 d6 5. Bg2 g6 6. Nf3 Bg7 7. 0-0 0-0 8. Re1 Nbd7 9. cxb5 a6 10. bxa6 Bxa6 11. Nc3 Qa5 12. Bg5 Rfb8 13. Rb1 Nb6 14. e4 Nc4 15. Qc2 h6 1/2-1/2

[Event "Oberliga Ost-A 1617"]
[Site "Germany"]
[Date "2017.01.15"]
[Round "5.5"]
[White "Altstadt, Karl Simon"]
[Black "Haertig, Jens"]
[Result "1/2-1/2"]
[WhiteElo "2002"]
[BlackElo "2137"]
[PlyCount "37"]
[EventDate "2016.10.16"]
[EventType "team-tourn"]
[EventRounds "11"]
[EventCountry "GER"]
[SourceTitle "EXT 2018"]
[Source "ChessBase"]
[SourceDate "2017.10.13"]
[SourceVersion "1"]
[SourceVersionDate "2017.10.13"]
[SourceQuality "1"]
[WhiteTeam "Halle USV"]
[BlackTeam "Naumburg"]
[WhiteTeamCountry "GER"]
[BlackTeamCountry "GER"]

1. e4 c5 2. Nf3 d6 3. d4 cxd4 4. Qxd4 a6 5. h3 Nc6 6. Qe3 Nf6 7. c4 e6 8. Nc3 Be7 9. Be2 d5 10. cxd5 exd5 11. Nxd5 Nxd5 12. exd5 Nb4 13. Qb3 Bf5 14. Nd4 Be4 15. Bd2 Qxd5 16. Qxd5 Bxd5 17. a3 Nc6 18. Nxc6 Bxc6 19. 0-0 1/2-1/2

[Event "GER-chT U20"]
[Site "Borken"]
[Date "2016.12.29"]
[Round "6.1"]
[White "Altstadt, Karl Simon"]
[Black "Ruff, Maximilian"]
[Result "0-1"]
[WhiteElo "1971"]
[BlackElo "2224"]
[PlyCount "60"]
[EventDate "2016.12.27"]
[EventType "team-swiss"]
[EventRounds "7"]
[EventCountry "GER"]
[SourceTitle "EXT 2018"]
[Source "ChessBase"]
[SourceDate "2017.10.13"]
[SourceVersion "1"]
[SourceVersionDate "2017.10.13"]
[SourceQuality "1"]
[WhiteTeam "Halle USV"]
[BlackTeam "Sasbach"]
[WhiteTeamCountry "GER"]
[BlackTeamCountry "GER"]

1. e4 c5 2. Nf3 e6 3. d4 cxd4 4. Nxd4 a6 5. Nc3 Qc7 6. Bd3 Nc6 7. Nxc6 dxc6 8. 0-0 Nf6 9. f4 e5 10. f5 Bc5+ 11. Kh1 h5 12. Qf3 Ng4 13. Nd1 Bd7 14. a4 0-0-0 15. Bd2 g6 16. b4 Bd4 17. c3 Ba7 18. b5 a5 19. f6 cxb5 20. axb5 Bxb5 21. c4 Rxd3 22. Qxd3 Bxc4 23. Qa3 Bxf1 24. Rc1 Bc4 25. Bxa5 Qc6 26. Bb4 Kb8 27. Bd6+ Ka8 28. h3 Qxe4 29. Nc3 Qf4 30. hxg4 hxg4# 0-1

[Event "GER-chT U20"]
[Site "Borken"]
[Date "2016.12.27"]
[Round "2.1"]
[White "Pluska, Alexander"]
[Black "Altstadt, Karl Simon"]
[Result "1-0"]
[WhiteElo "2108"]
[BlackElo "1971"]
[PlyCount "119"]
[EventDate "2016.12.27"]
[EventType "team-swiss"]
[EventRounds "7"]
[EventCountry "GER"]
[SourceTitle "EXT 2018"]
[Source "ChessBase"]
[SourceDate "2017.10.13"]
[SourceVersion "1"]
[SourceVersionDate "2017.10.13"]
[SourceQuality "1"]
[WhiteTeam "Kiel Doppelbauer"]
[BlackTeam "Halle USV"]
[WhiteTeamCountry "GER"]
[BlackTeamCountry "GER"]

1. d4 Nf6 2. c4 c5 3. d5 b5 4. Qc2 bxc4 5. e4 Ba6 6. Nf3 d6 7. Na3 g6 8. Bxc4 Bxc4 9. Nxc4 Bg7 10. 0-0 0-0 11. Bd2 a5 12. Bc3 Nbd7 13. Rad1 Qc7 14. e5 dxe5 15. Nfxe5 Nxe5 16. Bxe5 Qb7 17. d6 exd6 18. Nxd6 Qc6 19. Rfe1 Rad8 20. Qc3 Nd5 21. Rxd5 Qxd5 22. Bxg7 Qxd6 23. Bxf8 Rxf8 24. Qxa5 Qd4 25. Qb5 Ra8 26. Re8+ Rxe8 27. Qxe8+ Kg7 28. Qe2 Kg8 29. h3 Qa4 30. a3 Qd4 31. Qe3 Qd1+ 32. Kh2 Qc2 33. g3 c4 34. Qd4 Qd3 35. Qb6 Qc2 36. Qd8+ Kg7 37. Qd4+ Kg8 38. Kg2 h5 39. h4 Qa4 40. Qc3 Qc6+ 41. Kg1 Qa4 42. Kh2 Kh7 43. Kg2 Qc6+ 44. Kf1 Qa4 45. Ke1 Kg8 46. Kd2 Qd7+ 47. Kc1 Qa4 48. Qc2 Qb5 49. Kd1 Qd5+ 50. Ke1 Qe6+ 51. Kf1 Qa6 52. Kg1 Qb5 53. Kh2 Qd5 54. a4 Qd3 55. Qc3 Qe2 56. Qd4 Qd3 57. Qb6 g5 58. hxg5 Qf3 59. Qd8+ Kh7 60. Qf6 1-0

[Event "Oberliga Ost-A 1516"]
[Site "Germany"]
[Date "2015.10.10"]
[Round "2.5"]
[White "Kukel, Imre"]
[Black "Altstadt, Karl Simon"]
[Result "1-0"]
[WhiteElo "2240"]
[BlackElo "2042"]
[PlyCount "87"]
[EventDate "2015.09.20"]
[EventType "team-tourn"]
[EventRounds "11"]
[EventCountry "GER"]
[SourceTitle "EXT 2017"]
[Source "ChessBase"]
[SourceDate "2016.10.25"]
[SourceVersion "1"]
[SourceVersionDate "2016.10.25"]
[SourceQuality "1"]
[WhiteTeam "Dresden TU II"]
[BlackTeam "Halle Volksbank"]
[WhiteTeamCountry "GER"]
[BlackTeamCountry "GER"]

1. e4 c5 2. Nf3 e6 3. d4 cxd4 4. Nxd4 a6 5. Bd3 Nf6 6. 0-0 Qc7 7. Qe2 d6 8. c4 g6 9. Nc3 Bg7 10. Bg5 0-0 11. Rad1 Nfd7 12. Nf3 Bxc3 13. bxc3 f6 14. Bh4 e5 15. Bc2 Nc5 16. Qd2 Be6 17. Qxd6 Qxd6 18. Rxd6 g5 19. Bg3 Bxc4 20. Ra1 Nc6 21. Nd2 Be6 22. Nb3 Nxb3 23. axb3 Kf7 24. f3 Rfd8 25. Rdd1 Rxd1+ 26. Bxd1 Rd8 27. Kf1 Na5 28. Rb1 Rd6 29. Ke2 Rb6 30. Bf2 Rc6 31. Kd2 Rd6+ 32. Kc1 Rc6 33. Be1 Rb6 34. c4 Nc6 35. c5 Rb5 36. b4 a5 37. Ba4 Rxb4 38. Bxb4 Nxb4 39. Kd2 Ke7 40. Bb5 Bd7 41. Bc4 Kd8 42. Ra1 Nc6 43. Bd5 Nd4 44. Rxa5 1-0

[Event "GER-chT U16"]
[Site "Magdeburg"]
[Date "2014.12.27"]
[Round "1.3"]
[White "Altstadt, Karl Simon"]
[Black "Erlekam, Simon"]
[Result "1-0"]
[WhiteElo "1864"]
[BlackElo "1740"]
[PlyCount "83"]
[EventDate "2014.12.27"]
[EventType "team-swiss"]
[EventRounds "7"]
[EventCountry "GER"]
[SourceTitle "EXT 2016"]
[Source "ChessBase"]
[SourceDate "2015.10.08"]
[SourceVersion "1"]
[SourceVersionDate "2015.10.08"]
[SourceQuality "1"]
[WhiteTeam "Halle Volksbank"]
[BlackTeam "Gau Algesheim"]
[WhiteTeamCountry "GER"]
[BlackTeamCountry "GER"]

1. e4 c5 2. Nf3 Nc6 3. d4 cxd4 4. Nxd4 Nf6 5. Nc3 e5 6. Ndb5 d6 7. Bg5 a6 8. Na3 Be7 9. Bxf6 gxf6 10. Nd5 f5 11. Nc4 0-0 12. Nxe7+ Qxe7 13. Qxd6 Qxd6 14. Nxd6 fxe4 15. Nxe4 f5 16. Bc4+ Kg7 17. Nd6 Nd4 18. 0-0-0 b5 19. c3 Ne6 20. Nxc8 bxc4 21. Rd7+ Kh8 22. Nb6 Nc5 23. Rd5 Nd3+ 24. Rxd3 cxd3 25. Nxa8 Rxa8 26. Re1 e4 27. g4 fxg4 28. Rxe4 Rf8 29. Kd2 Rxf2+ 30. Kxd3 Rxb2 31. Rxg4 Rxa2 32. c4 Ra1 33. c5 Rd1+ 34. Kc4 h5 35. Rg5 h4 36. c6 h3 37. Kc5 Kh7 38. c7 Kh6 39. Rd5 Rc1+ 40. Kd6 Rc2 41. Rc5 Rxh2 42. c8Q 1-0

[Event "Dresden ZMD op-B 23rd"]
[Site "Dresden"]
[Date "2014.08.21"]
[Round "7"]
[White "Steinert, Frank"]
[Black "Altstadt, Karl Simon"]
[Result "1/2-1/2"]
[WhiteElo "1952"]
[BlackElo "1816"]
[PlyCount "113"]
[EventDate "2014.08.15"]
[EventType "swiss"]
[EventRounds "9"]
[EventCountry "GER"]
[SourceTitle "EXT 2024"]
[Source "ChessBase"]
[SourceDate "2023.10.10"]
[SourceVersion "1"]
[SourceVersionDate "2023.10.10"]
[SourceQuality "1"]

1. e4 c5 2. f4 d6 3. Nf3 e6 4. Bb5+ Bd7 5. Bxd7+ Qxd7 6. 0-0 Nc6 7. c4 Be7 8. Nc3 Nf6 9. d3 0-0 10. Qe2 Rfd8 11. h3 Qc7 12. b3 a6 13. Bb2 d5 14. e5 Nh5 15. cxd5 Nxf4 16. Qe4 Nxd5 17. Nd1 Ndb4 18. Nf2 Qb6 19. Kh2 Nc2 20. Ng4 Qb4 21. d4 N2xd4 22. Nxd4 Nxd4 23. Rac1 Nf5 24. Rc4 Qd2 25. Rf2 Qd3 26. Qxb7 Qg3+ 27. Kg1 Rd1+ 28. Rf1 Rad8 29. Rc1 Rxc1 30. Bxc1 h5 31. Bf4 Qd3 32. Nf2 Qd4 33. Bh2 Bh4 34. Qf3 Ne3 35. Re1 Nd1 36. g3 Nxf2 37. Qxf2 Bg5 38. Qxd4 Rxd4 39. Kf2 c4 40. bxc4 Rxc4 41. Re2 Kf8 42. Ke1 Rc1+ 43. Kf2 Ke7 44. Kf3 Kd7 45. Ke4 Kc6 46. g4 hxg4 47. hxg4 Rc4+ 48. Kf3 Kd5 49. Rb2 Rc3+ 50. Kg2 Ke4 51. Rb7 Rc2+ 52. Kh3 Rxa2 53. Rxf7 Bh6 54. Re7 Ra3+ 55. Kg2 Ke3 56. Rxe6 Ra2+ 57. Kh3 1/2-1/2

[Event "GER-chT North U16"]
[Site "Greifswald"]
[Date "2013.09.14"]
[Round "5.1"]
[White "Knopf, Felix"]
[Black "Altstadt, Karl Simon"]
[Result "1-0"]
[WhiteElo "1968"]
[BlackElo "1808"]
[PlyCount "59"]
[EventDate "2013.09.12"]
[EventType "team-swiss"]
[EventRounds "7"]
[EventCountry "GER"]
[SourceTitle "EXT 2014"]
[Source "ChessBase"]
[SourceDate "2013.11.20"]
[SourceVersion "1"]
[SourceVersionDate "2013.11.20"]
[SourceQuality "1"]
[WhiteTeam "Merseburg"]
[BlackTeam "Halle"]
[WhiteTeamCountry "GER"]
[BlackTeamCountry "GER"]

1. d4 Nf6 2. c4 c5 3. d5 b5 4. cxb5 a6 5. bxa6 Bxa6 6. Nc3 d6 7. Nf3 g6 8. e4 Bxf1 9. Kxf1 Bg7 10. g3 Nbd7 11. Kg2 0-0 12. a4 Qa5 13. Bd2 Rfb8 14. Nb5 Qb6 15. Qe2 Rb7 16. Bc3 e6 17. Rhd1 exd5 18. exd5 Re8 19. Qc4 Re4 20. Qf1 Ne8 21. Nd2 Re7 22. Re1 Ndf6 23. Nc4 Qa6 24. Na5 Nxd5 25. Nxb7 Qxb7 26. Kg1 Bxc3 27. bxc3 Rxe1 28. Qxe1 Qc6 29. Rd1 Nec7 30. c4 1-0

[Event "GER-chT North U16"]
[Site "Greifswald"]
[Date "2013.09.12"]
[Round "1.1"]
[White "Altstadt, Karl Simon"]
[Black "Pixa, Richard"]
[Result "0-1"]
[WhiteElo "1808"]
[BlackElo "1993"]
[PlyCount "106"]
[EventDate "2013.09.12"]
[EventType "team-swiss"]
[EventRounds "7"]
[EventCountry "GER"]
[SourceTitle "EXT 2014"]
[Source "ChessBase"]
[SourceDate "2013.11.20"]
[SourceVersion "1"]
[SourceVersionDate "2013.11.20"]
[SourceQuality "1"]
[WhiteTeam "Halle"]
[BlackTeam "Treptow"]
[WhiteTeamCountry "GER"]
[BlackTeamCountry "GER"]

1. e4 e6 2. d4 d5 3. Nd2 Nf6 4. e5 Nfd7 5. Bd3 c5 6. c3 Nc6 7. Ngf3 g6 8. 0-0 Bg7 9. Re1 cxd4 10. cxd4 0-0 11. Nb3 f6 12. exf6 Qxf6 13. Bg5 Qf7 14. Bh4 e5 15. dxe5 Ndxe5 16. Nxe5 Nxe5 17. Bc2 Bg4 18. Qd2 Nc4 19. Qg5 Bf5 20. Re7 Qf6 21. Qxf6 Bxf6 22. Bxf6 Rxf6 23. Bxf5 Rxf5 24. Rae1 Raf8 25. R1e2 R5f7 26. Nd4 Rxe7 27. Rxe7 Rf7 28. Re8+ Kg7 29. Rd8 Nxb2 30. Rxd5 Re7 31. f3 Kf6 32. Kf2 Nd3+ 33. Kg3 Nb4 34. Ra5 a6 35. a3 Nd3 36. Rd5 Re5 37. Rd6+ Ke7 38. Nf5+ Rxf5 39. Rxd3 b5 40. Kf2 Ke6 41. Ke3 Rc5 42. Ke2 Ke5 43. Re3+ Kf5 44. Re4 h5 45. h3 Rc6 46. g3 Re6 47. g4+ Kf6 48. Rxe6+ Kxe6 49. f4 Kd5 50. Ke3 h4 51. f5 gxf5 52. Kf4 fxg4 53. Kxg4 a5 0-1

[Event "GER-chT U14"]
[Site "Magdeburg"]
[Date "2012.12.29"]
[Round "6.1"]
[White "Ridder, David"]
[Black "Altstadt, Karl Simon"]
[Result "0-1"]
[WhiteElo "1582"]
[BlackElo "1717"]
[PlyCount "28"]
[EventDate "2012.12.27"]
[EventType "team-swiss"]
[EventRounds "7"]
[EventCountry "GER"]
[SourceTitle "EXT 2014"]
[Source "ChessBase"]
[SourceDate "2013.11.20"]
[SourceVersion "1"]
[SourceVersionDate "2013.11.20"]
[SourceQuality "1"]
[WhiteTeam "Raesfeld Erle"]
[BlackTeam "Halle Volksbank"]
[WhiteTeamCountry "GER"]
[BlackTeamCountry "GER"]

1. e4 c5 2. Nc3 Nc6 3. Bb5 Nd4 4. Bc4 e6 5. Nge2 Nf6 6. 0-0 a6 7. e5 Ng4 8. f4 Qh4 9. h3 h5 10. Nxd4 cxd4 11. Ne4 b5 12. Be2 Bb7 13. Ng5 Qg3 14. Nf3 Bxf3 0-1

[Event "GER-chT U14"]
[Site "Magdeburg"]
[Date "2012.12.28"]
[Round "4.1"]
[White "Gressmann, Moritz"]
[Black "Altstadt, Karl Simon"]
[Result "1/2-1/2"]
[WhiteElo "1846"]
[BlackElo "1717"]
[PlyCount "179"]
[EventDate "2012.12.27"]
[EventType "team-swiss"]
[EventRounds "7"]
[EventCountry "GER"]
[SourceTitle "EXT 2014"]
[Source "ChessBase"]
[SourceDate "2013.11.20"]
[SourceVersion "1"]
[SourceVersionDate "2013.11.20"]
[SourceQuality "1"]
[WhiteTeam "Weissensee Chemie"]
[BlackTeam "Halle Volksbank"]
[WhiteTeamCountry "GER"]
[BlackTeamCountry "GER"]

1. e4 c5 2. Nf3 d6 3. Bc4 e6 4. c3 Nf6 5. d3 Be7 6. 0-0 0-0 7. Bb3 a6 8. Re1 b5 9. Nbd2 Bb7 10. Nf1 d5 11. e5 Nfd7 12. d4 Nc6 13. a3 Re8 14. Bc2 f5 15. exf6 Bxf6 16. Qd3 g6 17. Be3 c4 18. Qd2 e5 19. dxe5 Ndxe5 20. Nxe5 Nxe5 21. Bd4 Nd7 22. Rxe8+ Qxe8 23. Re1 Qf7 24. Bd1 Re8 25. Rxe8+ Qxe8 26. Bxf6 Nxf6 27. Qd4 Qe6 28. Ne3 Kg7 29. Bf3 Kf7 30. h3 Kg7 31. Ng4 h5 32. Ne3 Kf7 33. g4 hxg4 34. hxg4 Ne4 35. Bxe4 dxe4 36. Qh8 Qf6 37. Qb8 Qe7 38. Qg3 Qe6 39. g5 Ke7 40. Qb8 Qd7 41. Qf4 Qe6 42. Qc7+ Qd7 43. Qb6 Qc6 44. Qd4 Qe6 45. Qg7+ Qf7 46. Qh8 Qe6 47. Qh2 Bc6 48. Qc7+ Qd7 49. Qb6 Qd6 50. Qxa6 Qc5 51. Kf1 Kd7 52. a4 bxa4 53. Ke1 Qxg5 54. Qxc4 Qg1+ 55. Ke2 Qg5 56. Qd4+ Kc7 57. Qa7+ Kc8 58. c4 Qe5 59. Qb6 Kd7 60. Qb4 Qd4 61. Kf1 Qd3+ 62. Kg2 Qe2 63. Qc3 Qf3+ 64. Kg1 Qf7 65. Qd4+ Kc8 66. c5 Qf4 67. Qh8+ Kb7 68. Qg7+ Qc7 69. Qxg6 Qa5 70. Qd6 Qe1+ 71. Kg2 Qa5 72. Qe7+ Qc7 73. Qf6 Qa5 74. Qe5 Qc7 75. Qc3 Qf4 76. Qb4+ Kc8 77. Kf1 Qh2 78. Qc4 Qh1+ 79. Ke2 Qf3+ 80. Ke1 Qf4 81. Qc3 Qh2 82. Qf6 Qc7 83. Nc4 Kb7 84. Nd6+ Ka7 85. Qc3 Ka6 86. Qc4+ Ka7 87. Ke2 Qb8 88. Qd4 Qb3 89. Qd2 Qf3+ 90. Kf1 1/2-1/2

[Event "GER-chT U14"]
[Site "Magdeburg"]
[Date "2012.12.27"]
[Round "2.1"]
[White "Rausch, Adrian"]
[Black "Altstadt, Karl Simon"]
[Result "1/2-1/2"]
[WhiteElo "1752"]
[BlackElo "1717"]
[PlyCount "49"]
[EventDate "2012.12.27"]
[EventType "team-swiss"]
[EventRounds "7"]
[EventCountry "GER"]
[SourceTitle "EXT 2014"]
[Source "ChessBase"]
[SourceDate "2013.11.20"]
[SourceVersion "1"]
[SourceVersionDate "2013.11.20"]
[SourceQuality "1"]
[WhiteTeam "Backnang"]
[BlackTeam "Halle Volksbank"]
[WhiteTeamCountry "GER"]
[BlackTeamCountry "GER"]

1. d4 Nf6 2. c4 c5 3. d5 b5 4. cxb5 a6 5. b6 Qxb6 6. Nc3 d6 7. a4 g6 8. a5 Qc7 9. e4 Bg7 10. Bc4 0-0 11. Nge2 Nbd7 12. f3 Ne5 13. Bd3 Nxd3+ 14. Qxd3 Bd7 15. 0-0 Rfb8 16. Qc2 Bb5 17. Ra3 Nd7 18. f4 Rb7 19. Rf3 Bxe2 20. Qxe2 Rb4 21. g4 Bd4+ 22. Kg2 Nf6 23. g5 Nh5 24. f5 Qd7 25. h3 1/2-1/2

[Event "GER-chT North U14"]
[Site "Magdeburg"]
[Date "2012.09.08"]
[Round "5.1"]
[White "Altstadt, Karl Simon"]
[Black "Sawlin, Leonid"]
[Result "0-1"]
[WhiteElo "1704"]
[BlackElo "2046"]
[PlyCount "50"]
[EventDate "2012.09.06"]
[EventType "team-swiss"]
[EventRounds "7"]
[EventCountry "GER"]
[SourceTitle "EXT 2015"]
[Source "ChessBase"]
[SourceDate "2014.11.20"]
[SourceVersion "1"]
[SourceVersionDate "2014.11.20"]
[SourceQuality "1"]
[WhiteTeam "Halle USV"]
[BlackTeam "Berlin Makkabi"]
[WhiteTeamCountry "GER"]
[BlackTeamCountry "GER"]

1. e4 e6 2. d4 d5 3. Nd2 Nf6 4. e5 Nfd7 5. Bd3 c5 6. c3 Nc6 7. Ngf3 cxd4 8. cxd4 f6 9. exf6 Nxf6 10. 0-0 Bd6 11. Re1 0-0 12. Nb3 g6 13. Bg5 Qb6 14. Rc1 a5 15. Re2 a4 16. Nbd2 Nxd4 17. Nxd4 Qxd4 18. Nf3 Qb6 19. Qc2 Bd7 20. Qb1 e5 21. Nxe5 Bxe5 22. Rxe5 Ng4 23. Be3 Qd6 24. Rh5 gxh5 25. Bxh7+ Kf7 0-1

[Event "GER-chT North U14"]
[Site "Magdeburg"]
[Date "2012.09.06"]
[Round "2.1"]
[White "Boehning, Kilian"]
[Black "Altstadt, Karl Simon"]
[Result "0-1"]
[WhiteElo "1943"]
[BlackElo "1704"]
[PlyCount "86"]
[EventDate "2012.09.06"]
[EventType "team-swiss"]
[EventRounds "7"]
[EventCountry "GER"]
[SourceTitle "EXT 2015"]
[Source "ChessBase"]
[SourceDate "2014.11.20"]
[SourceVersion "1"]
[SourceVersionDate "2014.11.20"]
[SourceQuality "1"]
[WhiteTeam "Hagen"]
[BlackTeam "Halle USV"]
[WhiteTeamCountry "GER"]
[BlackTeamCountry "GER"]

1. e4 c5 2. Nf3 d6 3. d4 cxd4 4. Nxd4 Nf6 5. Nc3 a6 6. Bg5 e6 7. a4 b6 8. Bd3 Be7 9. 0-0 0-0 10. Nb3 Bb7 11. Be3 Nbd7 12. f4 Qc7 13. g4 Nc5 14. Nxc5 dxc5 15. g5 Ne8 16. Qh5 c4 17. Be2 Bc5 18. Bxc5 Qxc5+ 19. Kg2 Nd6 20. Bf3 Qe3 21. e5 g6 22. Qg4 Bxf3+ 23. Rxf3 Nf5 24. Kh1 Qd2 25. Ne4 Qxc2 26. Nf6+ Kg7 27. Qh3 Rh8 28. b3 h5 29. Rc3 Qb2 30. Rd1 Rhd8 31. Rf1 Rd2 32. Ne4 Re2 33. Nd6 Rxh2+ 34. Qxh2 Qxc3 35. Nxf5+ exf5 36. bxc4 Rd8 37. Qg2 Rd3 38. Kh2 h4 39. Rf2 Rg3 40. Qc6 Rh3+ 41. Kg2 Qc1 42. Qf6+ Kg8 43. Qd8+ Kh7 0-1